| 000 | 01252cam a22003494a 4500 | ||
|---|---|---|---|
| 999 |
_c478616 _d478616 |
||
| 001 | 14023104 | ||
| 003 | NUST | ||
| 005 | 20180606061233.0 | ||
| 008 | 050701s2006 maua b 001 0 eng | ||
| 010 | _a 2005019099 | ||
| 020 | _a012457551X | ||
| 035 | _a(OCoLC)ocm60798495 | ||
| 038 | _aSNS Library | ||
| 040 |
_aDLC _cDLC _dYDX _dBAKER _dDLC |
||
| 042 | _apcc | ||
| 050 | 0 | 0 |
_aQD462 _b.L69 2006 |
| 082 | 0 | 0 |
_a541.28 LOW 2009 _222 |
| 100 | 1 |
_aJohn P. Lowe, Kirk A. Peterson _910733 |
|
| 245 | 1 | 0 |
_aQuantum Chemistry _cJohn P. Lowe, Kirk A. Peterson. |
| 250 | _a3rd ed. | ||
| 260 |
_aBurlington, MA : _bElsevier Academic Press, _cc2006. |
||
| 300 |
_axxii, 703 p. : _bill. ; Hb. _c27 cm. |
||
| 504 | _aIncludes bibliographical references and index. | ||
| 650 | 0 |
_aQuantum chemistry. _9659 |
|
| 700 | 1 |
_aPeterson, Kirk A. _9660 |
|
| 856 | 4 | 1 |
_3Table of contents only _uhttp://www.loc.gov/catdir/toc/ecip0515/2005019099.html |
| 856 | 4 | 2 |
_3Publisher description _uhttp://www.loc.gov/catdir/enhancements/fy0661/2005019099-d.html |
| 906 |
_a7 _bcbc _corignew _d1 _eecip _f20 _gy-gencatlg |
||
| 942 |
_2ddc _cBK |
||